000 01701nam a22003017a 4500
001 1535
003 FISKH
005 20230905123541.0
008 230905b cb ||||| |||| 00| 0 khr d
020 _a9789924340515
040 _aFISKH
_beng
_cFISKH
_dFISKH
082 _a001.944
100 _aRotha, Ouk
245 _aយក្សតូច ឈប់ហើយ /
_cនិពន្ធនិងគូររូបដោយ អ៊ុក រដ្ឋា
250 _aបោះពុម្ពលើកទី៤​ កក្កដា ២០២២​​
260 _aPhnom Penh :
_bSipar,
_c2022.
300 _a23 pages :
_bcolor illustrations ;
_c24 cm
490 _aរឿងដំបូងៗ
505 _aG
520 _aយក្សតូចចូលទៅកាប់ដើមឈើ ក្នុងព្រៃមួយ។ បង្កួយឃាត់តែ យក្សតូចមិនព្រមស្ដាប់ឡើយ។ នៅពេលដែលយក្សតូចកាប់ មេឃក៏ចាប់ផ្ដើមក្ដៅ ហើយបឹងក៏ចាប់ផ្ដើមរីង ដីក៏ចាប់ផ្ដើមប្រេះបែក។
520 _aA small giant goes to cut down a tree in a forest. Iguana​​ stopped, but the little giant refused to listen. When the giants cut the sky, it began to heat up and the lake began to dry up and the ground began to crack.
521 8 _a380
_bLexile estimate
521 8 _aG
_bRaz-Plus
650 _aយក្ស
_vកាប់
_xធម្មជាតិ
_yដើមឈើ
650 _aGiant
_vCut
_xNature
_yTree
700 _aRotha, Ouk
_eillustrator
942 _2ddc
_cBK
_n0
999 _c1535
_d1535